000
00294cam a2200109ua 4500
082
_a
016.6318
_b
SOM/TR
100
_a
Somani, L. L .
_9
1568
245
_a
Trace Elements in Indian Agriculture /
260
_a
New Delhi :
_b
Agricole Publishing Academy ,
_c
1982.
300
_a
276 ; .
942
_c
REF
999
_c
10903
_d
10903